00384nam a22001457a 4500003000500000020001800005038001000023082001900033100002500052245004700077300001300124500001500137880004200152880004400194NUST a969-8611-04-5 afaiza a891.4391b RAS aRasool, Chacha Gulam aChachy ki Patari /c Chacha Guhlam Rasool  a144 p, ; aHardcover. 6100-01\raچاچا غلام رسول  6245-02\ra چاچے کی پٹاری /